Normal view
MARC view
- Joanna R.Groza, James F. Shackelford, Enrique J. Lavernia, Michael T. Powers
Entry Personal Name
001 - CONTROL NUMBER
- control field: 127769
003 - CONTROL NUMBER IDENTIFIER
- control field: NUST
005 - DATE AND TIME OF LATEST TRANSACTION
- control field: 20250206092023.0
008 - FIXED-LENGTH DATA ELEMENTS
- fixed length control field: 250206|| aca||aabn | a|a d
040 ## - CATALOGING SOURCE
- Original cataloging agency: NUST
- Transcribing agency: NUST
100 ## - HEADING--PERSONAL NAME
- Personal name: Joanna R.Groza, James F. Shackelford, Enrique J. Lavernia, Michael T. Powers
670 ## - SOURCE DATA FOUND
- Source citation: Work cat.: (NUST)564352: Joanna R.Groza, James F. Shackelford, Enrique J. Lavernia, Michael T. Powers, Materials Processing Handbook /, 2007
